000 00721nam a2200289Ia 4500
005 20260324124632.0
008 008 260324s9999 xx 000 0 eng d
020 _a9781315260723
037 _aEBOOK
040 _aCRL
040 _beng
040 _cCRL
041 _2eng
041 _aeng
084 _qCRL
100 _aOle Peter Grell; Andrew Cunningham
_91174919
245 0 _aCentres of Medical Excellence?
245 0 _bMedical Travel and Education in Europe, 1500–1789
260 _bTaylor and Francis
260 _c2010
365 _a
365 _b240
856 _uhttp://www.taylorfrancis.com/books/9781315260723
942 _cEBOOK
999 _c1769458
_d1769458